The Maya of Belize: Historical Chapers Since Columbus
Gardado en:
| Autor Principal: | |
|---|---|
| Formato: | Texto |
| Publicado: |
Belize :
|
| Etiquetas: |
Engadir etiqueta
Sen Etiquetas, Sexa o primeiro en etiquetar este rexistro!
|
MARC
| LEADER | 00000 a a2200000 04500 | ||
|---|---|---|---|
| 001 | 17034 | ||
| 003 | |||
| 040 | |||
| 090 | |a 008200 | ||
| 100 | |a Thompson, J. Erick S | ||
| 245 | |a The Maya of Belize: Historical Chapers Since Columbus | ||
| 260 | |a Belize : | ||
| 300 | |a 40 p | ||
| 999 | |c 13215 |d 13215 | ||
